Theory of sets

Αποθηκεύτηκε σε:
Λεπτομέρειες βιβλιογραφικής εγγραφής
Κύριος συγγραφέας: Bourbaki, Nicolas
Μορφή: Βιβλίο
Γλώσσα:English
French
Δημοσίευση: Berlin ; New York : Springer, c2004.
Σειρά:Bourbaki, Nicolas. Elements of mathematics.
Θέματα:
Ετικέτες: Προσθήκη ετικέτας
Δεν υπάρχουν, Καταχωρήστε ετικέτα πρώτοι!

MARC

LEADER 00000cam a2200000 i 4500
001 1/60474
008 071026s2004 gw | ||| |||| ||eng||
020 |a 3540225250 
035 |l 10091843 
040 |a GR-MyUa  |b gre  |e AACR2 
041 1 |a eng  |h fre 
082 7 |a 511.322   |2 (22) 
100 1 |a Bourbaki, Nicolas. 
245 1 0 |a Theory of sets /   |c Nicolas Bourbaki. 
260 |a Berlin ;   |a New York :   |b Springer,   |c c2004. 
300 |a viii, 414 σ. ;   |c 24 εκ. 
490 1 |a (Elements of mathematics) 
504 |a Περιλαμβάνει βιβλιογραφικές παραπομπές και ευρετήρια. 
650 0 |a Set theory. 
765 0 8 |i Μετάφραση του:   |t Theorie des ensembles /  
800 1 |a Bourbaki, Nicolas.   |t Elements of mathematics. 
852 |a INST  |b SAMOS  |e 20071026  |h 511.322 BOU  |p 005300027981  |q 005300027981  |t BK  |y 0 
901 |a BIBL3-2007-3 
922 |a 3ΕΛΗ  |b 200709  |c ΕΠΕΑΕΚ2/ΤΜΗΜΑ ΜΑΘΗΜΑΤΙΚΩΝ  |d ΠΑΠΑΣΩΤΗΡΙΟΥ 
970 |a ΣΙΤΖΙΜΗ  |b ΓΙΑΣΕΜΗ  |z 2007/10/26